Mimoriadne opatrenia ECB počas globálnej krízy

Sumarizácia viacerých opatrení, ktoré ECB ako menová autorita v eurozóne prijala od začatia krízy v auguste 2007 v reakcii na rôzne problémy nielen na eurovom peňažnom trhu, ale aj v širšom kontexte problémov v reálnej ekonomike.

Enregistré dans:
Détails bibliographiques
Auteur principal: Kostelný, Roman
Format: Chapitre de livre
Langue:slovaque
Sujets:
Tags: Ajouter un tag
Pas de tags, Soyez le premier à ajouter un tag!

MARC

LEADER 00000naa a2200000 4500
001 0185129
005 20221020084526.2
041 0 |a slo 
044 |a SK 
245 1 0 |a Mimoriadne opatrenia ECB počas globálnej krízy  |c Roman Kostelný 
520 |a Sumarizácia viacerých opatrení, ktoré ECB ako menová autorita v eurozóne prijala od začatia krízy v auguste 2007 v reakcii na rôzne problémy nielen na eurovom peňažnom trhu, ale aj v širšom kontexte problémov v reálnej ekonomike. 
610 2 0 |a Európska centrálna banka 
610 2 0 |a eurozóna 
610 2 0 |a kríza hospodárska 
610 2 0 |a bankovníctvo 
100 1 |a Kostelný, Roman